000 01746nam a2200421 c 4500
999 _c145937
_d145937
003 BLK
005 20241031150557.0
008 180410b bul|||||r ||||||| ||bul||
010 _aKNG00152123000
020 _a978-954-07-3293-0
040 _aBLK
041 _aBUL
_cBUL
072 7 _2bullib
_aН82
_xЛитературознание Н
080 _aБългарска литература
_b821.163.2
_x-93.09(092)(075.8)
_z821.163.2-93.09(092)(075.8)
080 _aБиографии
_b929
_z929
100 1 _aИванова, Нели Стоянова
_eпърви автор
_9363475
139 _aИванова, Нели Стоянова
_bИ 22
245 1 0 _aЛитературата за деца и формирането на читателска култура в начална училищна възраст
_cНели Стоянова Иванова.
257 _aBGR
260 _bУнив. изд. Климент Охридски
_c2012
300 _a236 с.
_bс портр.
_c20 см
380 _a3
500 _aБиблиогр. с. 234-236
650 4 _aДетска и юношеска литература, българска - учебни помагала
_9259949
650 4 _aПисатели, детски, български
_9279820
653 _aдетска литература
653 _aистория на литературата
653 _aкултура на четенето
653 _aдетски писатели
659 _aН
852 _bП
856 4 _qpdf
856 4 _qpdf
942 _cKNG
_n0
_08
944 _aCR
_c18.10.2013
_k30556
_lТеодора Пейчева-Дянкова
944 _aED
_c01.06.2016
_kГеновева_Генчева
999 _d145937